MARC

LEADER 00000nam0a2200000 4500
001 272712
005 20231031225817.0
035 |a (RuTPU)RU\TPU\book\295921 
090 |a 272712 
100 |a 20141021d1987 km y0rusy50 ca 
101 0 |a rus 
102 |a UA 
105 |a y z 001zy 
200 1 |a Экономические проблемы малоотходных и безотходных производств  |f Ю. П. Лебединский [и др.]  |g Академия наук Украинской ССР (АН УССР) ; под ред. Ю. П. Лебединского 
210 |a Киев  |c Наукова думка  |d 1987 
215 |a 239 с. 
320 |a Библиогр.: с. 232-236 
320 |a Предметный указатель: с. 237 
606 1 |a Промышленные отходы  |x Очистка  |2 stltpush  |3 (RuTPU)RU\TPU\subj\52547 
610 1 |a промышленные предприятия 
610 1 |a малоотходные производства 
610 1 |a малоотходные технологии 
610 1 |a безотходная технология 
610 1 |a безотходное производство 
610 1 |a экономические проблемы 
610 1 |a ресурсоснабжение 
610 1 |a ресурсосберегающие технологии 
675 |a 658.567  |v 3 
701 1 |a Лебединский  |b Ю. П.  |g Юрий Петрович 
701 1 |a Склянкин  |b Ю. В.  |g Юрий Викторович 
701 1 |a Мищенко  |b В. С.  |g Владимир Сергеевич 
701 1 |a Сахаев  |b В. Г. 
702 1 |a Лебединский  |b Ю. П.  |4 340 
712 0 2 |a Академия наук Украинской ССР (АН УССР)  |c (1936-1991)  |2 stltpush  |3 (RuTPU)RU\TPU\col\332 
801 1 |a RU  |b 63413507  |c 20141021 
801 2 |a RU  |b 63413507  |c 20161229  |g RCR 
942 |c BK